02244nab a2200277uuc4500001000800000005001700008008004100025035001200066040001300078041000800091100005300099245005100152520123200203650004501435650003601480650004901516650003301565650002201598650004301620650004301663700003801706700004201744773015101786942001001937999001901947135899320260210084053.0140212e20130705 spa  a1358993 ccomduadb aspa10aMancera Pineda, José Ernesto4auteaut951648010aPrincipales amenazas a la biodiversidad marina3 aEvaluaciones recientes sobre el conocimiento de la biodiversidad registran que las especies marinas corresponden apenas a un 15% del total de los taxones conocidos en el planeta. La falta de conocimiento de la diversidad marina se suma a una acelerada tasa de pérdida de la misma, debido esencialmente a causas antropogénicas. El objetivo de este trabajo es presentar una revisión de las principales amenazas de origen humano a la biodiversidad marina, tales como sobrepesca, descarga de nutrientes, derrames de petróleo, destrucción de hábitat, bioinvasiones, florecimientos algales nocivos y cambios globales. Cada una de estas amenazas pone en riesgo una o varias especies, y a largo plazo, modifica hábitats y ecosistemas completos, causando una pérdida de biodiversidad, muchas veces difícil de evaluar. Mientras en los ecosistemas terrestres el principal factor de riesgo es la destrucción de hábitat, en ambientes marinos la sobreexplotación de recursos es la causa principal de pérdida de biodiversidad. La percepción que los ecosistemas marinos son más resilientes a los disturbios que los ecosistemas terrestres necesita ser reevaluada, ya que probablemente no corresponde a la realidad. aHábitat (Ecología) - Colombia964242 aAlgas - Investigaciones9175137 aContaminación marina por petróleo939818 aBiodiversidad marina9131327 aNutrientes930848 7aExplotación de recursos2lemb933648 7aBiodiversidadzColombia2embne921881910aGavio, Brigitte4auteaut962265410aLasso Zapata, Jairo4auteaut97006790 tActualidades Biológicas (Medellín)gVolumen 35, Número 099, Julio-Diciembre 2013, 111-133w(CO-MdUADB)6024x0304-3584036279576073o0989884 cARIMP c681868d681868